000 01168cam a22003014a 4500
001 14129340
005 20220105110213.0
008 051001s2006 nyu b 001 0 eng
010 _a 2005053697
020 _a9780895033581
040 _aDLC
_cDLC
_dDLC
042 _apcc
050 0 0 _aHQ 1061 .A4274 2006
245 0 0 _aAging, globalization, and inequality :
_bthe new critical gerontology /
_cedited by Jan Baars ... [et al.].
260 _aAmityville, N.Y. :
_bBaywood Pub.,
_cc2006.
300 _aviii, 291 p. ;
_c24 cm.
440 0 _aSociety and aging series
504 _aIncludes bibliographical references and index.
650 0 _aGerontology.
650 0 _aOlder people
_xSocial conditions
_y21st century.
650 0 _aAging
_xSocial aspects.
650 0 _aGlobalization
_xSocial aspects.
650 0 _aEquality.
700 1 _aBaars, Jan.
906 _a7
_bcbc
_corignew
_d1
_eocip
_f20
_gy-gencatlg
942 _2lcc
_cBOOKS
_hHQ 1061 .A4274 2006
999 _c30999
_d30999